| 000 | 00615nam a2200193 i 4500 | ||
|---|---|---|---|
| 001 | 151053 | ||
| 003 | ES-MaACL | ||
| 005 | 20230906203821.0 | ||
| 007 | t| | ||
| 008 | 071203s1933 fr ||||1| fre d | ||
| 100 | 1 |
_aArmstrong, H. C. _923003 |
|
| 245 | 1 | 0 |
_aMustafa Kemal / _cH. C. Armstrong ; traduit de l'anglais par MM. Soulié et Vaney. |
| 260 |
_aParis : _bPayot, _c1933. |
||
| 300 |
_a293 p., 4 map. ; _c23 cm. |
||
| 600 | 1 | 4 |
_aAtatürk, Kemal ( _d1881-1938) _9159740 |
| 651 | 4 |
_aTurquía- _xHistoria- _y1918-1923, Revolución. _9164234 |
|
| 700 | 1 |
_aSoulié, Maurice. _9107565 |
|
| 852 |
_aES-MaACL _jA-1519 |
||
| 999 |
_c151053 _d151053 |
||